Source control using constructed pervious surfaces : hydralic, structural and water quality performance issues (Record no. 102488)
[ view plain ]
| 000 -LEADER | |
|---|---|
| fixed length control field | 00907cam a2200277 4500 |
| 008 - FIXED-LENGTH DATA ELEMENTS--GENERAL INFORMATION | |
| fixed length control field | 021017n2002 000 0 eng u |
| 020 ## - INTERNATIONAL STANDARD BOOK NUMBER | |
| International Standard Book Number | 0860175820 |
| 035 ## - SYSTEM CONTROL NUMBER | |
| System control number | (Sirsi) u120155 |
| 050 ## - LIBRARY OF CONGRESS CALL NUMBER | |
| Classification number | 625.8 |
| 100 ## - MAIN ENTRY--PERSONAL NAME | |
| Personal name | Pratt, C. |
| 245 ## - TITLE STATEMENT | |
| Title | Source control using constructed pervious surfaces : hydralic, structural and water quality performance issues |
| 260 ## - PUBLICATION, DISTRIBUTION, ETC. | |
| Place of publication, distribution, etc. | London |
| Name of publisher, distributor, etc. | CIRIA |
| Date of publication, distribution, etc. | 2002 |
| 300 ## - PHYSICAL DESCRIPTION | |
| Extent | 152p. |
| Other physical details | ill. |
| Dimensions | 30cm. |
| 350 ## - PRICE (NR) (BK AM CF MU VM SE) [OBSOLETE] | |
| Price | 90 |
| 490 ## - SERIES STATEMENT | |
| Series statement | CIRIA Publication |
| Volume/sequential designation | C582 |
| 520 ## - SUMMARY, ETC. | |
| Summary, etc. | Discusses the design and construction of pavements and surfaces to be used as a method of stormwater source control. A design framework is also provided. |
| 650 ## - SUBJECT ADDED ENTRY--TOPICAL TERM | |
| Topical term or geographic name entry element | DRAINAGE |
| 650 ## - SUBJECT ADDED ENTRY--TOPICAL TERM | |
| Topical term or geographic name entry element | HARD LANDSCAPING |
| 650 ## - SUBJECT ADDED ENTRY--TOPICAL TERM | |
| Topical term or geographic name entry element | PAVEMENTS |
| 650 ## - SUBJECT ADDED ENTRY--TOPICAL TERM | |
| Topical term or geographic name entry element | RAINWATER |
| 650 ## - SUBJECT ADDED ENTRY--TOPICAL TERM | |
| Topical term or geographic name entry element | STORMWATER |
| 690 ## - LOCAL SUBJECT ADDED ENTRY--TOPICAL TERM (OCLC, RLIN) | |
| Topical term or geographic name as entry element | BUILDING AND CONSTRUCTION-ENGINEERING |
| 700 ## - ADDED ENTRY--PERSONAL NAME | |
| Personal name | Wilson, S. |
| 700 ## - ADDED ENTRY--PERSONAL NAME | |
| Personal name | Cooper, P. |
| 942 ## - ADDED ENTRY ELEMENTS (KOHA) | |
| Suppress in OPAC | 0 |
| Withdrawn status | Lost status | Source of classification or shelving scheme | Damaged status | Not for loan | Home library | Current library | Shelving location | Date acquired | Total Checkouts | Full call number | Barcode | Date last seen | Date last checked out | Copy number | Price effective from | Koha item type |
|---|---|---|---|---|---|---|---|---|---|---|---|---|---|---|---|---|
| Dewey Decimal Classification | London | London | Folio | 17/10/2002 | 2 | F625.8 PRA | 30067940 | 06/08/2019 | 20/02/2004 | 1 | 06/08/2019 | Book |